Recital de Luciano Pavarotti.
Recital de Pavarotti: Quanto e' bella una furtiva lágrima, Quanto le seré al Plácido.
Guardado en:
| Formato: | |
|---|---|
| Materias: | |
| Etiquetas: |
Agregar Etiqueta
Sin Etiquetas, Sea el primero en etiquetar este registro!
|
| LEADER | 00691ngm a22002055g 4500 | ||
|---|---|---|---|
| 001 | CEM.cems021527 | ||
| 008 | 130507b1992##################0###0#####d | ||
| 005 | 20240827152653.0 | ||
| 245 | 0 | 0 | |a Recital de Luciano Pavarotti. |
| 300 | |a 20 | ||
| 500 | |a En soporte VHS, consultar en ventanilla. | ||
| 520 | |a Recital de Pavarotti: Quanto e' bella una furtiva lágrima, Quanto le seré al Plácido. | ||
| 538 | |a Soporte: VHS - Norma: Pal N - Color - Grabación Drd 1992 - Hitachi=4685 | ||
| 082 | 7 | 8 | |/ VID |
| 653 | |a MUSICA | ||
| 653 | |a PAVAROTTI | ||
| 653 | |a RECITALES | ||
| 653 | |a OPERA | ||
| 653 | |a NIVEL SECUNDARIO | ||
| 859 | |a CEMS |b BIB. CEMS - Depto. Recursos Didacticos |h 780 |i VID |k DRD |p 170.12 |t Ej.1 | ||
